000 00424nam a2200181Ia 4500
001 12966
005 20260306163019.0
008 260306t2006||||xx |||||||||||||| ||spa||
041 _aESP
082 _aRD 495.1
_bM61
100 _aMinkang, Zhou
_eAUT
245 0 _aDiccionario pocket español-chino
260 _c2006
300 _a826 páginas :
_ccm.
650 _aGEN
654 _aCHU
942 _cDIC
_dJUS
_fJUS
_2ddc
_n
999 _c12966
_d12966